| 000 | 00382nam a2200145Ia 4500 | ||
|---|---|---|---|
| 008 | 240624s9999 xx 000 0 und d | ||
| 041 | _aeng | ||
| 082 | _a332.6 FRA | ||
| 100 | _aFRASER SAMPSON GUY | ||
| 245 | _aPRIVATE EQUITY AS AN ASSET CLASS | ||
| 250 | _a(2nd ed.) | ||
| 260 |
_c2010 _aNew Jersey _bJohn Wiley and Sons |
||
| 300 | _axvi, : 264 : p. : cm. ; 24 | ||
| 365 |
_c _b27 |
||
| 999 |
_c16902 _d16902 |
||